Normal view MARC view
  • Rougemont, Denis de,

Entry Nombre Personal

Number of records used in: 1

001 - NUMERO DE CONTROL

  • campo de control: 47557

003 - IDENTIFICADOR DE NUMERO DE CONTROL

  • campo de control: DLC

005 - FECHA Y HORA DE LA ÜLTIMA TRANSACCIÓN

  • campo de control: 20221207100138.0

008 - DATOS DE LONGITUD FIJA

  • campo de control de longitud fija: 801002n| azannaabn |a aaa

010 ## - NÚMERO DE CONTROL DE LA BIBLIOTECA DEL CONGRESO

  • Número de control LC: n 80116999

035 ## - NUMERO DE CONTROL

  • Número de control: (OCoLC)oca00497638

040 ## - FUENTE DE CATALOGACIÓN

  • Agencia original de catalogación: DLC
  • Lenguaje de catalogación: spa
  • Description conventions: rda
  • Agencia de transcripción: DLC
  • Agencia que lo modifica: DLC
  • Agencia que lo modifica: UkCU
  • Agencia que lo modifica: InNd
  • Agencia que lo modifica: ItFiC
  • Agencia que lo modifica: UPB
  • Agencia que lo modifica: MX-MxUPN

046 ## - FECHAS CON CODIFICACIÓN ESPECIAL

  • Fecha de nacimiento: 1906-09-08
  • Fecha de muerte: 1985-12-06
  • Fuente del formato de fecha: edtf

053 #0 - NÚMERO DE CLASIFICACIÓN LC

  • Número de clasificación elemento-número único o número inicial de tramo: PQ2635.O924

100 1# - ENCABEZAMIENTO - NOMBRE PERSONAL

  • Nombre personal: Rougemont, Denis de,
  • Fechas asociadas con el nombre: 1906-1985

400 1# - VEÁSE - NOMBRE DE PERSONA

  • Personal name: De Rougemont, Denis,
  • Dates associated with a name: 1906-1985

400 1# - VEÁSE - NOMBRE DE PERSONA

  • Personal name: Rougemont, Denis Guillaume de,
  • Dates associated with a name: 1906-1985

670 ## - FUENTE EN LA QUE SE LOCALIZARON DATOS

  • Cita de la fuente: Inédits, 1988:
  • Información localizada: portada (Denis de Rougemont) p. 215 (b. 8 Sep. 1906, d. 6 Dec. 1985)

670 ## - FUENTE EN LA QUE SE LOCALIZARON DATOS

  • Cita de la fuente: La persona e l'Occidente, 2014:
  • Información localizada: p. 19 (Denis Guillaume de Rougemont)

670 ## - FUENTE EN LA QUE SE LOCALIZARON DATOS

  • Cita de la fuente: Amor y Occidente, 1993:
  • Información localizada: portada (Denis de Rougemont)

902 ## - CATALOGADOR

  • Catalogador: Víctor Ruiz/071222